• 首页
  • 本馆介绍
  • 公告通知
  • 最新文献
  • 馆藏检索
  • 电子资源
  • 读者导购
  • 参考咨询
  • 我的图书馆
  • 登录
  • 详细信息显示
  • 放入我的书架
  • 预约/预借图书
  • 作者相关作品
  • 分类相关作品
  • 丛书相关作品
  • 出版社相关作品

书目信息

  • 表格格式
  • 工作单格式
  • 卡片格式
题名:
中国古典诗歌评论集
    
 
作者: 叶嘉莹 著
分册:  
出版信息: 广州   广东人民出版社  1982
页数: 235页
开本: 21cm
丛书名:
单 册:
中图分类: I207.22 , I207.2
科图分类:
主题词: 古典诗歌-文学评论--中国 , 文学评论-古典诗歌--中国 , 文学--中国
电子资源:
ISBN:
000 00780nam0 2200277 45
001 0182005120
005 20040525172218.8
010    @dCNY1.00
091    @a10111.1360
100    @a19950613d1982 emky0chiy0121 ea
101 1  @achi@ceng
102    @aCN@b440000
105    @ay r 000zy
106    @ar
200 10 @a中国古典诗歌评论集@Azhong guo gu dian shi ge ping lun ji@f(加拿大)叶嘉莹著
210    @a广州@c广东人民出版社@d1982
215    @a235页@d21cm
606    @a古典诗歌-文学评论@y中国
606    @a文学评论-古典诗歌@y中国
606 0  @a文学@x中国
690    @aI207.22@v3
690    @aI207.2@v3
701  0 @a叶嘉莹@Aye jia ying@f加拿大@4著
801  0 @aCN@b上海图书馆@c20040417
801  2 @aCN@bNLC@c20040417
905    @dI207.2@e280@f1@b200320@b84225-228@f4
    
    中国古典诗歌评论集/(加拿大)叶嘉莹著.-广州:广东人民出版社,1982
    235页;21cm
    
    
    ISBN :CNY1.00
    
●
相关链接 在E读中查询图书 在五车中查询图书 在当当中查询图书 在豆瓣中查询图书


正题名:中国古典诗歌评论集     索取号:I207.2/280         预约/预借

序号 登录号 条形码 馆藏地/架位号 状态 备注
1 0084225   000126893   第二借阅区/ [索取号:I207.2/280] 在馆    
2 0084227   000126937   第二借阅区/ [索取号:I207.2/280] 在馆    
3 0084228   000126900   第二借阅区/ [索取号:I207.2/280] 在馆    
4 0200320   000979178   第二借阅区/ [索取号:I207.2/280] 在馆    
5 0200321   000979141   第一样本阅览室/ [索取号:I207.2/280] 在馆    
唐山师范学院图书馆 欢迎您!
大连网信软件有限公司© 版权所有